| 000 | 00605nam a2200205Ia 4500 | ||
|---|---|---|---|
| 008 | 131103s9999 xx 000 0 und d | ||
| 040 | _aLoreto College | ||
| 041 | _aEnglish | ||
| 082 |
_a131.3462/FRE _bLCBkB/583 |
||
| 100 | _aFreud, Sigmund | ||
| 245 | 2 |
_aA General introduction to psychoanalysis _cSigmund Freud; preface by Ernest Jones and G. Stanley Hall |
|
| 260 |
_aNew York _bWashington Square _c1968 |
||
| 300 |
_a480p _c 18cm |
||
| 504 | _aIncludes index | ||
| 650 | _aPsychoanalysis | ||
| 651 | _aPsychology | ||
| 700 | _aJones, Ernest | ||
| 850 | _aLCBkB/131.3462/FRE | ||
| 942 | _cBK | ||
| 999 |
_c35148 _d85627 |
||